Riblja čorba album covers - Statistics

General Stats
  • This quiz has been taken 3 times
  • The average score is 20 of 21
Answer Stats
Picture Answer % Correct
Buvlja pijaca
100%
Da tebe nije
100%
Istina
100%
Kost u grlu
100%
Koza Nostra
100%
Labudova pesma
100%
Ljubav i smrt
100%
Minut sa njom
100%
Mrtva priroda
100%
Nojeva barka
100%
Ostalo je ćutanje
100%
Ovde
100%
Pišanje uz vetar
100%
Pokvarena mašta i prljave strasti
100%
Priča o ljubavi obično ugnjavi
100%
Ujed za dušu
100%
Uzbuna
100%
Večeras vas zabavljaju muzičari koji piju
100%
Zbogom Srbijo
100%
Osmi nervni slom
67%
Trilogija
33%
No matching quizzes found
Score Distribution
Percent of People with Each Score
Percentile by Number Answered
Your Score History
You have not taken this quiz